Statystyki dla Jakie masz szczęście?

Kliknij tutaj aby rozwiązać quiz!

Ogólne statystyki

  • Ten quiz został rozwiązany 1 087 razy
  • Średni wynik to 10 z 20

Statystyki odpowiedzi

ZagadnienieKomórkaSelect% Poprawnych
kafelków poniżejWybierz mnie
54%
kafelków poniżejWybierz mnie
53%
kafelków poniżejWybierz mnie
52%
kafelków poniżejWybierz mnie
52%
kafelków poniżejWybierz mnie
52%
kafelków poniżejWybierz mnie
51%
kafelków poniżejWybierz mnie
51%
kafelków poniżejWybierz mnie
51%
kafelków poniżejWybierz mnie
50%
kafelków poniżejWybierz mnie
50%
kafelków poniżejWybierz mnie
50%
kafelków poniżejWybierz mnie
50%
kafelków poniżejWybierz mnie
49%
kafelków poniżejWybierz mnie
49%
kafelków poniżejWybierz mnie
49%
kafelków poniżejWybierz mnie
49%
kafelków poniżejWybierz mnie
49%
kafelków poniżejWybierz mnie
48%
kafelków poniżejWybierz mnie
48%
kafelków poniżejWybierz mnie
47%

Rozkład punktacji

Percentyl według liczby udzielonych odpowiedzi

Procent ludzi z każdym wynikiem

Twoja historia wyników

Nie rozwiązałeś tego quizu